[Event "Mondiale Lampo FIDE 2017"]
[Site "Riyadh"]
[Date "29.12.2017"]
[Round "2.36"]
[White "Kryvoruchko, Yuriy"]
[Black "Mamedov, Rauf"]
[Result "1/2-1/2"]
[WhiteTitle "GM"]
[BlackTitle "GM"]
[WhiteElo "2689"]
[BlackElo "2709"]
[WhiteFideId "14109182"]
[BlackFideId "13401653"]
[EventDate "2017.12.29"]

1. e4 c5 2. Nf3 Nc6 3. d4 cxd4 4. Nxd4 g6 5. c4 Nf6 6. Nc3 d6 7. Be2 Nxd4 8.
Qxd4 Bg7 9. Be3 O-O 10. Qd2 a5 11. O-O a4 12. Bd4 Bd7 13. Qe3 Bc6 14. f4 Nd7 15.
Rad1 Qa5 16. Bxg7 Kxg7 17. Nd5 Qc5 18. Qxc5 Nxc5 19. Bf3 e6 20. Nc3 Rfd8 21. Rd2
Kf8 22. Rfd1 Ke7 23. Kf2 f6 24. Ke3 h6 25. h4 e5 26. g3 Ne6 27. Ne2 b5 28. cxb5
Bxb5 29. Nc3 Bc6 30. Bg4 Nc5 31. Be2 Rab8 32. Bc4 Rb4 33. Bd5 Bd7 34. a3 Rbb8
35. Bc4 Bc6 36. Bd5 Bd7 37. Bc4 Be6 38. Bd5 Bd7 39. Bc4 1/2-1/2

[Event "Mondiale Lampo FIDE 2017"]
[Site "Riyadh"]
[Date "29.12.2017"]
[Round "2.37"]
[White "Kasimdzhanov, Rustam"]
[Black "Ganguly, Surya Shekhar"]
[Result "1-0"]
[WhiteTitle "GM"]
[BlackTitle "GM"]
[WhiteElo "2683"]
[BlackElo "2650"]
[WhiteFideId "14200244"]
[BlackFideId "5002150"]
[EventDate "2017.12.29"]

1. e4 c5 2. Nf3 e6 3. b3 b6 4. Bb2 Bb7 5. Bd3 Nc6 6. a3 Nf6 7. O-O d6 8. Re1 Be7
9. Bf1 O-O 10. d3 Nd7 11. Nbd2 Bf6 12. Bxf6 Nxf6 13. g3 Qc7 14. Bg2 Rad8 15. c3
d5 16. e5 Nd7 17. d4 b5 18. b4 c4 19. Qc2 a5 20. Ng5 g6 21. Nf1 Ra8 22. Qd2 axb4
23. axb4 Rxa1 24. Rxa1 Ra8 25. Rxa8+ Bxa8 26. Ne3 Qa7 27. Ng4 Nd8 28. Nxh7 Qa1+
29. Bf1 1-0

[Event "Mondiale Lampo FIDE 2017"]
[Site "Riyadh"]
[Date "29.12.2017"]
[Round "2.39"]
[White "Jumabayev, Rinat"]
[Black "Grischuk, Alexander"]
[Result "0-1"]
[WhiteTitle "GM"]
[BlackTitle "GM"]
[WhiteElo "2612"]
[BlackElo "2772"]
[WhiteFideId "13702661"]
[BlackFideId "4126025"]
[EventDate "2017.12.29"]

1. e4 e5 2. Nf3 Nc6 3. Bc4 Bc5 4. O-O Nf6 5. d3 d6 6. c3 a6 7. a4 h6 8. h3 O-O
9. Re1 a5 10. Nbd2 Be6 11. b3 Bxc4 12. bxc4 Nd7 13. Nb3 Bb6 14. d4 Re8 15. Rb1
Qf6 16. Qd3 exd4 17. cxd4 Nb4 18. Qd1 Qe6 19. Nbd2 f5 20. Rb3 fxe4 21. Rxe4 Qf7
22. Rg4 Nf6 23. Rg3 c6 24. Nh4 Qh5 25. Ndf3 Re4 26. Bxh6 Qxh6 27. Nf5 Qf4 28.
Nxg7 Kh8 29. Kh2 Rg8 30. Nd2 Rxd4 31. Rf3 Qxd2 32. Qxd2 Rxd2 33. Rxf6 Rxg7 34.
Rf8+ Kh7 35. Rgf3 Nd3 36. R8f5 Rxf2 0-1

[Event "Mondiale Lampo FIDE 2017"]
[Site "Riyadh"]
[Date "29.12.2017"]
[Round "2.40"]
[White "Potkin, Vladimir"]
[Black "Petrosian, Tigran L."]
[Result "0-1"]
[WhiteTitle "GM"]
[BlackTitle "GM"]
[WhiteElo "2574"]
[BlackElo "2601"]
[WhiteFideId "4131061"]
[BlackFideId "13301616"]
[EventDate "2017.12.29"]

1. e4 d6 2. d4 g6 3. Nf3 Nf6 4. Nc3 Bg7 5. Be2 O-O 6. O-O c6 7. a4 Qc7 8. Be3 e5
9. dxe5 dxe5 10. Nd2 Rd8 11. Qc1 Be6 12. Bc4 Qe7 13. Bxe6 Qxe6 14. f3 Na6 15.
Rd1 Bf8 16. Nb3 Be7 17. a5 Rd7 18. Rxd7 Nxd7 19. Qd2 b5 20. axb6 axb6 21. Rd1
Ndc5 22. Nxc5 Nxc5 23. Qe2 b5 24. b3 Nb7 25. Qf2 h5 26. Ne2 Ra2 27. Nc1 Ra1 28.
Qd2 Bc5 29. Bxc5 Nxc5 30. Ne2 Rxd1+ 31. Qxd1 Qe7 32. Qd2 Ne6 33. Qc3 Qd6 34. Kf2
h4 35. Nc1 Qd1 36. Nd3 Nd4 37. Nc5 0-1

[Event "Mondiale Lampo FIDE 2017"]
[Site "Riyadh"]
[Date "29.12.2017"]
[Round "2.41"]
[White "Safarli, Eltaj"]
[Black "Zhao, Jun"]
[Result "1-0"]
[WhiteTitle "GM"]
[BlackTitle "GM"]
[WhiteElo "2639"]
[BlackElo "2604"]
[WhiteFideId "13402129"]
[BlackFideId "8602522"]
[EventDate "2017.12.29"]

1. e4 e5 2. Nf3 Nc6 3. Nc3 Nf6 4. a3 Be7 5. d4 d6 6. d5 Nb8 7. Bd3 O-O 8. O-O
Nbd7 9. b4 Ne8 10. Ne2 g6 11. Ng3 Ng7 12. Bh6 Nf6 13. h3 Kh8 14. c4 Ng8 15.
Bxg7+ Kxg7 16. Qc2 b6 17. c5 Nh6 18. cxb6 cxb6 19. Rac1 f6 20. Qc7 Nf7 21. Qxd8
Bxd8 22. Rc2 a6 23. Rfc1 Bd7 24. Nd2 Ra7 25. Nc4 Rb7 26. Ne3 b5 27. Ngf1 Bb6 28.
Nd2 Rbb8 29. Nb3 Rfc8 30. Kf1 Rxc2 31. Rxc2 Rc8 32. Rxc8 Bxc8 33. Nd1 Bd7 34.
Nc3 f5 35. Na5 Nd8 36. f3 Kf6 37. Nb3 Kg5 38. Ne2 f4 39. Nc3 Kh4 40. Ne2 h5 41.
Nd2 g5 42. Nb1 g4 43. hxg4 hxg4 44. Nd2 Nf7 45. fxg4 Bxg4 46. Nf3+ Bxf3 47. gxf3
Kh3 48. Nc3 Ng5 49. a4 Nxf3 50. axb5 axb5 51. Nxb5 Nh2+ 52. Ke1 f3 53. Nxd6 f2+
54. Kd2 f1=Q 55. Bxf1+ Nxf1+ 56. Kd3 Ng3 57. Nc4 Bc7 58. d6 Bd8 59. Nxe5 Kh4 60.
Nf7 Bb6 61. d7 Kg4 62. d8=Q Bxd8 63. Nxd8 Kf4 64. Ne6+ Ke5 65. Nc5 Nh5 66. Ke3
Nf6 67. Nd3+ Ke6 68. Kd4 Ne8 69. Nc5+ Kd6 70. e5+ Kc6 71. Kc4 Nc7 72. Nb3 Kb6
73. Nd4 Kb7 74. b5 Kb6 75. e6 Ne8 76. Kd5 Kc7 77. Kc5 Nf6 78. b6+ Kb7 79. e7 Ne8
80. Nf5 Nf6 81. Nd6+ Ka6 82. e8=Q 1-0

[Event "Mondiale Lampo FIDE 2017"]
[Site "Riyadh"]
[Date "29.12.2017"]
[Round "2.42"]
[White "Grigoriants, Sergey"]
[Black "Guseinov, Gadir"]
[Result "1/2-1/2"]
[WhiteTitle "GM"]
[BlackTitle "GM"]
[WhiteElo "2561"]
[BlackElo "2646"]
[WhiteFideId "4130804"]
[BlackFideId "13401378"]
[EventDate "2017.12.29"]

1. Nf3 g6 2. c4 c5 3. Nc3 Nc6 4. e3 Bg7 5. d4 cxd4 6. exd4 d6 7. Be2 Nf6 8. d5
Nb8 9. O-O O-O 10. Re1 Bg4 11. Nd4 Bxe2 12. Qxe2 Re8 13. Be3 Nbd7 14. Rac1 a6
15. h3 Rc8 16. b3 Qa5 17. Qd2 Nc5 18. Bg5 Qb4 19. Re2 Nfe4 20. Nxe4 Qxd2 21.
Bxd2 Bxd4 22. Nxc5 Rxc5 23. Rce1 Rc7 24. Bg5 f6 25. Bf4 Be5 26. Bxe5 fxe5 27. a4
b5 28. axb5 axb5 29. Re4 bxc4 30. bxc4 Rec8 31. Rc1 Rc5 32. f4 Rxd5 33. fxe5
Rxe5 34. Rxe5 dxe5 35. Kf2 Kf7 36. Ke3 Ke6 37. Rc2 h6 38. c5 Kd5 39. Rd2+ Ke6
40. Rc2 Rc6 41. Ke4 Rc7 42. c6 Kd6 43. Rd2+ Ke6 44. Rc2 Kd6 45. Rd2+ Ke6 46. Rc2 1/2-1/2

[Event "Mondiale Lampo FIDE 2017"]
[Site "Riyadh"]
[Date "29.12.2017"]
[Round "2.43"]
[White "Laznicka, Viktor"]
[Black "Malakhatko, Vadim"]
[Result "0-1"]
[WhiteTitle "GM"]
[BlackTitle "GM"]
[WhiteElo "2647"]
[BlackElo "2542"]
[WhiteFideId "316385"]
[BlackFideId "14104202"]
[EventDate "2017.12.29"]

1. c4 e5 2. Nc3 Nc6 3. e3 Nf6 4. Nf3 g6 5. a3 Bg7 6. Be2 O-O 7. d3 d6 8. O-O h6
9. Qc2 Re8 10. b4 e4 11. dxe4 Nxe4 12. Bb2 Nxc3 13. Bxc3 Bf5 14. Qb2 Bxc3 15.
Qxc3 Qe7 16. Rfd1 Be4 17. Nd2 Bf5 18. Bf3 Rab8 19. Bxc6 bxc6 20. Nb3 Bd7 21. c5
d5 22. Nd4 h5 23. Re1 Qf6 24. Qd2 Re4 25. f3 Ree8 26. Qf2 a5 27. bxa5 Ra8 28.
Qd2 Ra7 29. e4 dxe4 30. fxe4 Qe5 31. Rac1 Rea8 32. Nf3 Qe7 33. Red1 Bg4 34. Qe3
Bxf3 35. gxf3 Rxa5 36. Rc3 Rd8 37. Rxd8+ Qxd8 38. Kg2 Qe7 39. Rc1 Qe5 40. Qc3
Qg5+ 41. Kh1 Ra8 42. Rd1 h4 43. Rg1 Qf4 44. Rg4 Qh6 45. Qf6 h3 46. Qc3 Rd8 47.
Rg1 Qf4 48. Rg3 Rd1+ 49. Rg1 Rd2 0-1

[Event "Mondiale Lampo FIDE 2017"]
[Site "Riyadh"]
[Date "29.12.2017"]
[Round "2.44"]
[White "Adly, Ahmed"]
[Black "Dobrov, Vladimir"]
[Result "1-0"]
[WhiteTitle "GM"]
[BlackTitle "GM"]
[WhiteElo "2637"]
[BlackElo "2515"]
[WhiteFideId "10601619"]
[BlackFideId "4136594"]
[EventDate "2017.12.29"]

1. d4 Nf6 2. Nf3 e6 3. g3 c5 4. Bg2 cxd4 5. O-O Nc6 6. Nxd4 Qb6 7. Nb3 Ne5 8.
Nc3 a6 9. e4 d6 10. Qe2 Be7 11. h3 O-O 12. a4 Qc7 13. a5 Bd7 14. f4 Ng6 15. Be3
Rac8 16. Bb6 Qb8 17. h4 h5 18. Bf3 d5 19. exd5 exd5 20. Nd4 Rfe8 21. Qg2 Bc5 22.
Bxc5 Rxc5 23. Rfe1 Rxe1+ 24. Rxe1 Qc7 25. Nb3 Rc4 26. Bxd5 Nxd5 27. Qxd5 Be6 28.
Qxh5 Nxf4 29. gxf4 Qxf4 30. Kg2 Qf6 31. Re4 Rxe4 32. Nxe4 Qxb2 33. Nbd2 Qxc2 34.
Qc5 Qd3 35. Kf2 f6 36. Qd6 Bd5 37. Qd8+ Kh7 38. Qe8 Qd4+ 39. Ke2 Bc6 40. Qh5+
Kg8 41. Qc5 Bb5+ 42. Ke1 Qd3 43. Qc8+ Kh7 44. Qf5+ Kh8 45. Kf2 Qe2+ 46. Kg3 Qe1+
47. Qf2 Qa1 48. h5 Qxa5 49. Qc5 Qd8 50. h6 gxh6 51. Nd6 Qg8+ 52. Kf2 Bc6 53.
N2e4 Qd5 54. Qb6 Qe5 55. Qd8+ Kg7 56. Qc7+ Kg8 57. Qf7+ Kh8 58. Qf8+ Kh7 59.
Nxf6+ Kg6 60. Qf7+ Kg5 61. Qg7+ 1-0

[Event "Mondiale Lampo FIDE 2017"]
[Site "Riyadh"]
[Date "29.12.2017"]
[Round "2.45"]
[White "Ponomariov, Ruslan"]
[Black "Tissir, Mohamed"]
[Result "1-0"]
[WhiteTitle "GM"]
[BlackTitle "IM"]
[WhiteElo "2694"]
[BlackElo "2381"]
[WhiteFideId "14103320"]
[BlackFideId "9000240"]
[EventDate "2017.12.29"]

1. d4 e6 2. Nf3 c5 3. g3 Nf6 4. Bg2 Nc6 5. O-O cxd4 6. Nxd4 Qb6 7. Nf3 Be7 8. c4
O-O 9. Nc3 a6 10. Na4 Qc7 11. Be3 b5 12. Nb6 Rb8 13. c5 d6 14. cxd6 Bxd6 15.
Nxc8 Rbxc8 16. Rc1 Qe7 17. Qd3 Ne5 18. Nxe5 Bxe5 19. b3 Rfd8 20. Rxc8 Rxc8 21.
Rd1 h6 22. Bf3 Qa3 23. Qb1 a5 24. Kg2 Qb4 25. Rc1 Rxc1 26. Qxc1 Qc3 27. Qxc3
Bxc3 28. Bc6 Nd5 29. Bc5 Nb4 30. Bxb5 Nxa2 31. Kf3 Bb4 32. Bb6 Nc3 33. Bc6 f5
34. e4 g5 35. exf5 exf5 36. Ke3 Kf7 37. Kd3 Ke6 38. Bd4 Nd1 1-0

[Event "Mondiale Lampo FIDE 2017"]
[Site "Riyadh"]
[Date "29.12.2017"]
[Round "2.46"]
[White "McShane, Luke J"]
[Black "Abdyjapar, Asyl"]
[Result "1-0"]
[WhiteTitle "GM"]
[BlackTitle "IM"]
[WhiteElo "2640"]
[BlackElo "2382"]
[WhiteFideId "404853"]
[BlackFideId "13800337"]
[EventDate "2017.12.29"]

1. e4 c5 2. d3 Nc6 3. f4 d6 4. Nf3 g6 5. Be2 Bg7 6. O-O Nf6 7. Qe1 Bg4 8. Kh1
Bxf3 9. Bxf3 O-O 10. c3 Rc8 11. Be3 b5 12. d4 cxd4 13. cxd4 d5 14. e5 Ne4 15.
Bxe4 dxe4 16. Nc3 f5 17. exf6 exf6 18. f5 b4 19. Ne2 a5 20. Nf4 Qd7 21. fxg6
hxg6 22. Nxg6 Rfe8 23. Qg3 Ne7 24. Nxe7+ Rxe7 25. Rxf6 Rc2 26. Raf1 Re8 27. Qg6
Rc7 28. Bh6 Rec8 29. Bxg7 Qxg7 30. Qf5 Rc1 31. Qe6+ Kh7 32. Qxe4+ Kh8 33. Rf2
Qg5 34. h3 Qg3 35. Qe5+ Qxe5 36. dxe5 Rxf1+ 37. Rxf1 Rc2 38. e6 Kg7 39. Rf5 a4
40. Ra5 Rxb2 41. Rxa4 Kf6 42. a3 b3 43. Rb4 Rb1+ 44. Kh2 Kxe6 45. Rb5 Kd6 46. a4
Kc6 47. h4 b2 48. Kg3 Kc7 49. Kg4 Kc6 50. h5 Kc7 51. Kg5 1-0

[Event "Mondiale Lampo FIDE 2017"]
[Site "Riyadh"]
[Date "29.12.2017"]
[Round "2.48"]
[White "Melkumyan, Hrant"]
[Black "Minko, Vladimir"]
[Result "1-0"]
[WhiteTitle "GM"]
[BlackTitle "IM"]
[WhiteElo "2633"]
[BlackElo "2381"]
[WhiteFideId "13302485"]
[BlackFideId "24146706"]
[EventDate "2017.12.29"]

1. e4 c5 2. Nf3 Nc6 3. Bb5 e6 4. O-O Nge7 5. Re1 a6 6. Bf1 d5 7. exd5 Qxd5 8. a4
b6 9. Na3 Qd8 10. Nc4 Nd5 11. d4 Bb7 12. Bg5 Be7 13. Bxe7 Qxe7 14. dxc5 Qxc5 15.
c3 O-O 16. b4 Qe7 17. Qxd5 exd5 18. Rxe7 Nxe7 19. Nxb6 Rad8 20. Nd4 Rd6 21. a5
Ng6 22. Re1 f6 23. g3 Kf7 24. Bh3 Re8 25. Rd1 Ne5 26. Na4 Bc8 27. Bg2 Bg4 28. f3
Bc8 29. Nc5 Nc4 30. Kf2 Ne3 31. Rc1 Nxg2 32. Kxg2 g6 33. Kf2 h5 34. h4 g5 35.
Rh1 Kg6 36. Rb1 g4 37. fxg4 Bxg4 38. Re1 Rxe1 39. Kxe1 Bc8 40. Kf2 Rd8 41. Nd3
Re8 42. Nf4+ Kf7 43. Nxh5 Bb7 44. Nf4 Rc8 45. Nfe2 Re8 46. Nb3 Bc8 47. Nc5 Bg4
48. Nf4 Bc8 49. Nxd5 Rd8 50. c4 Be6 51. Ne3 Rd2+ 52. Kf3 Rd6 53. g4 Rd4 54. Ne4
Ke7 55. h5 Bxc4 56. Nf5+ 1-0

[Event "Mondiale Lampo FIDE 2017"]
[Site "Riyadh"]
[Date "29.12.2017"]
[Round "2.49"]
[White "Samhouri, A."]
[Black "Wang, Yue"]
[Result "0-1"]
[WhiteTitle "FM"]
[BlackTitle "GM"]
[WhiteElo "2355"]
[BlackElo "2690"]
[WhiteFideId "8100640"]
[BlackFideId "8601429"]
[EventDate "2017.12.29"]

1. d4 Nf6 2. Nf3 g6 3. Bg5 Bg7 4. Nbd2 d6 5. e3 O-O 6. Bd3 c5 7. c3 Nc6 8. O-O
cxd4 9. exd4 Nd5 10. Bc4 Nb6 11. Bb3 h6 12. Be3 Na5 13. Bc2 Nd5 14. Nb3 Nxe3 15.
fxe3 Nc4 16. Qe2 Nxb2 17. Bxg6 fxg6 18. Qxb2 Qc7 19. Rac1 Bf5 20. c4 b6 21. Nh4
Be4 22. Nd2 Rxf1+ 23. Rxf1 Bd3 24. Rc1 g5 25. Nhf3 Bg6 26. Qb3 Kh7 27. h3 Rc8
28. Qb5 Bf6 29. Nh2 Qc6 30. Qb3 h5 31. Rf1 Kg7 32. Nhf3 Qd7 33. Qd1 g4 34. hxg4
hxg4 35. Nh2 g3 36. Ng4 Qe6 37. Nxf6 Qxe3+ 0-1

[Event "Mondiale Lampo FIDE 2017"]
[Site "Riyadh"]
[Date "29.12.2017"]
[Round "2.50"]
[White "Almasi, Zoltan"]
[Black "Khader, Sami"]
[Result "1-0"]
[WhiteTitle "GM"]
[BlackTitle "IM"]
[WhiteElo "2682"]
[BlackElo "2392"]
[WhiteFideId "702293"]
[BlackFideId "8100500"]
[EventDate "2017.12.29"]

1. Nf3 Nf6 2. c4 g6 3. b3 Bg7 4. Bb2 O-O 5. g3 d6 6. Bg2 e5 7. d3 Nc6 8. O-O Bd7
9. Nc3 Qc8 10. Re1 Re8 11. Nd5 Nxd5 12. cxd5 Ne7 13. e4 c5 14. a4 b5 15. axb5
Bxb5 16. Qc2 Qb7 17. Nd2 Reb8 18. Bc3 Nc8 19. f4 Qe7 20. Nf3 f6 21. Bh3 Bd7 22.
Bxd7 Qxd7 23. fxe5 dxe5 24. Nd2 Nd6 25. Ra6 Nb5 26. Nc4 Nd4 27. Bxd4 cxd4 28.
Rea1 h5 29. Nb6 Rxb6 30. Rxb6 Qg4 31. Rb7 Bh6 32. Kg2 Rc8 33. Qd1 Qg5 34. d6 h4
35. d7 Rd8 36. Rc7 hxg3 37. hxg3 Qe3 38. Rc8 Bf4 39. Rxd8+ Kg7 40. Rg8+ Kh6 41.
Qh1+ 1-0

[Event "Mondiale Lampo FIDE 2017"]
[Site "Riyadh"]
[Date "29.12.2017"]
[Round "2.51"]
[White "Saric, Ivan"]
[Black "Lodhi, Mahmood"]
[Result "1-0"]
[WhiteTitle "GM"]
[BlackTitle "IM"]
[WhiteElo "2669"]
[BlackElo "2347"]
[WhiteFideId "14508150"]
[BlackFideId "7800010"]
[EventDate "2017.12.29"]

1. e4 e5 2. Nf3 Nc6 3. Bb5 a6 4. Ba4 Nf6 5. O-O Be7 6. Re1 b5 7. Bb3 d6 8. c3
O-O 9. h3 Na5 10. Bc2 c5 11. d4 Qc7 12. Nbd2 cxd4 13. cxd4 Bb7 14. d5 Rfc8 15.
Bb1 Nc4 16. Nxc4 bxc4 17. Bd2 a5 18. a4 Nd7 19. Bc3 Nc5 20. Nd2 Ba6 21. Ra3 Rab8
22. Qg4 Nd3 23. Bxd3 cxd3 24. f4 f6 25. Kh2 1-0

[Event "Mondiale Lampo FIDE 2017"]
[Site "Riyadh"]
[Date "29.12.2017"]
[Round "2.52"]
[White "Eljanov, Pavel"]
[Black "Saeed, Ishaq"]
[Result "1-0"]
[WhiteTitle "GM"]
[BlackTitle "FM"]
[WhiteElo "2711"]
[BlackElo "2434"]
[WhiteFideId "14102951"]
[BlackFideId "9301453"]
[EventDate "2017.12.29"]

1. c4 Nf6 2. Nc3 c5 3. g3 e6 4. Nf3 b6 5. Bg2 Bb7 6. O-O d6 7. Re1 Nbd7 8. e4 a6
9. d4 cxd4 10. Nxd4 Qc7 11. Be3 Be7 12. Rc1 O-O 13. f4 Rac8 14. f5 Nc5 15. fxe6
fxe6 16. b4 e5 17. Nf5 Ncxe4 18. Nxe4 Bxe4 19. Bxe4 Nxe4 20. Qg4 Rxf5 21. Qxf5
Nf6 22. Bg5 Rf8 23. Qe6+ Kh8 24. Rf1 a5 25. a3 axb4 26. axb4 Qd8 27. Rcd1 h6 28.
Bxf6 Rxf6 29. Rxf6 gxf6 30. c5 bxc5 31. bxc5 Bf8 32. cxd6 Qb6+ 33. Kg2 Qb2+ 34.
Kh3 Bg7 35. d7 Kh7 36. Qf5+ 1-0

[Event "Mondiale Lampo FIDE 2017"]
[Site "Riyadh"]
[Date "29.12.2017"]
[Round "2.53"]
[White "Lam, Daniel King-wai"]
[Black "Quparadze, Giga"]
[Result "0-1"]
[WhiteTitle "FM"]
[BlackTitle "GM"]
[WhiteElo "2222"]
[BlackElo "2506"]
[WhiteFideId "6001238"]
[BlackFideId "13602250"]
[EventDate "2017.12.29"]

1. e4 c5 2. Nf3 Nc6 3. d4 cxd4 4. Nxd4 Qc7 5. Nc3 e6 6. Be3 a6 7. Qd2 Nf6 8. f3
b5 9. O-O-O Bb7 10. Kb1 Ne5 11. Nb3 Nc4 12. Bxc4 bxc4 13. Nd4 Bb4 14. Nde2 O-O
15. Bd4 e5 16. Be3 Bc6 17. Bg5 Be7 18. Bxf6 Bxf6 19. Nd5 Bxd5 20. Qxd5 Rab8 21.
Qxd7 Qb6 22. b3 Qf2 23. Nc3 cxb3 24. cxb3 Rfc8 25. Rc1 Rd8 26. Qa4 Qxg2 27. Nd5
Bg5 28. Rcg1 Qxf3 29. Rxg5 Qxh1+ 30. Kb2 Qxh2+ 31. Ka3 h6 32. Rf5 Qd2 0-1

[Event "Mondiale Lampo FIDE 2017"]
[Site "Riyadh"]
[Date "29.12.2017"]
[Round "2.54"]
[White "Sargissian, Gabriel"]
[Black "Al Ghamdi, Ahmed M"]
[Result "1-0"]
[WhiteTitle "GM"]
[BlackTitle "CM"]
[WhiteElo "2672"]
[BlackElo "2159"]
[WhiteFideId "13300881"]
[BlackFideId "21500150"]
[EventDate "2017.12.29"]

1. d4 Nf6 2. c4 d6 3. Nc3 Nbd7 4. Bg5 h6 5. Bh4 e5 6. e3 Be7 7. Nf3 O-O 8. Qc2
c6 9. O-O-O Qa5 10. Kb1 a6 11. g4 exd4 12. Nxd4 Ne5 13. h3 b5 14. f4 Nxc4 15.
Bxc4 bxc4 16. Nxc6 Qc7 17. Nxe7+ Qxe7 18. Nd5 Qd8 19. Bxf6 gxf6 20. Qc3 Kg7 21.
g5 Bf5+ 22. Ka1 Rb8 23. Nxf6 Kg6 24. e4 1-0

[Event "Mondiale Lampo FIDE 2017"]
[Site "Riyadh"]
[Date "29.12.2017"]
[Round "2.55"]
[White "Inarkiev, Ernesto"]
[Black "Al-Hajiri, Bader"]
[Result "1-0"]
[WhiteTitle "GM"]
[BlackTitle "FM"]
[WhiteElo "2689"]
[BlackElo "2165"]
[WhiteFideId "4162722"]
[BlackFideId "10300163"]
[EventDate "2017.12.29"]

1. e4 e5 2. Nf3 f5 3. Nxe5 Qf6 4. d4 d6 5. Nc4 fxe4 6. Nc3 Qg6 7. Nd5 Qf7 8.
Nde3 Nf6 9. d5 Be7 10. Be2 O-O 11. O-O Na6 12. b3 Bd7 13. Bb2 Rae8 14. Qd2 Nc5
15. Rad1 Qg6 16. b4 Na6 17. a3 Ng4 18. Bxg4 Bxg4 19. Nxg4 Qxg4 20. Rde1 Bf6 21.
Bxf6 Rxf6 22. f3 Qg6 23. Qe3 Nb8 24. Nd2 Rf5 25. Nxe4 Rfe5 26. Qxa7 Rxd5 27.
Qxb7 Rde5 28. Rd1 R5e7 29. Qd5+ Kh8 30. a4 Nd7 31. a5 Ne5 32. a6 Rf8 33. a7 Ree8
34. Ra1 Ra8 35. Kh1 Qe8 36. c4 c6 37. Qxd6 Nxc4 38. Qc5 Ne5 39. Nd6 Qe7 40. Rfe1
Rfd8 41. Qxe5 Qxd6 42. Qxd6 Rxd6 43. Re7 h6 44. h3 Kh7 45. Rb7 Rdd8 46. Re1 Rdc8
47. Ree7 Rg8 48. Rec7 Kg6 49. Rxc6+ Kf5 50. b5 Kf4 51. Kh2 g5 52. Re6 Rgf8 53.
b6 h5 54. Re4+ Kf5 55. Rd7 1-0

[Event "Mondiale Lampo FIDE 2017"]
[Site "Riyadh"]
[Date "29.12.2017"]
[Round "2.56"]
[White "Zhigalko, Sergei"]
[Black "Khairat, Ahmed"]
[Result "1-0"]
[WhiteTitle "GM"]
[BlackTitle "CM"]
[WhiteElo "2641"]
[BlackElo "2211"]
[WhiteFideId "13502956"]
[BlackFideId "10624171"]
[EventDate "2017.12.29"]

1. e4 e5 2. Nf3 Nc6 3. Bb5 f5 4. d3 fxe4 5. dxe4 Nf6 6. Bc4 Bc5 7. Nc3 d6 8. a3
h6 9. Qd3 Qe7 10. O-O Be6 11. Bxe6 Qxe6 12. Nd5 Bb6 13. Be3 Rc8 14. Qc4 Qf7 15.
Bxb6 axb6 16. Rad1 O-O 17. Nxf6+ gxf6 18. Qc3 Kh7 19. Nh4 Ne7 20. Qh3 Qh5 21.
Rd3 Rg8 22. Rg3 Rg5 23. Qd7 Qe8 24. Qe6 Ng8 25. Qh3 Ne7 26. Qe6 Ng8 27. Qh3 Ne7
28. Nf3 Rg7 29. Rd1 Qf7 30. Qd7 Qe8 31. Qe6 Qf7 32. Qd7 Qe8 33. Qh3 Qf7 34. b3
Rcg8 35. Qd7 Nc6 36. Qxf7 Rxf7 37. Rxg8 Kxg8 38. Kf1 f5 39. exf5 Rxf5 40. Ke2
Kf7 41. Ke3 Ke6 42. c4 Rf4 43. g3 Rf8 44. h4 Na5 45. Nd2 Nc6 46. Nf3 1-0

[Event "Mondiale Lampo FIDE 2017"]
[Site "Riyadh"]
[Date "29.12.2017"]
[Round "2.57"]
[White "Salgado Lopez, Ivan"]
[Black "Amer, Said Salim Al Maashani"]
[Result "1-0"]
[WhiteTitle "GM"]
[BlackTitle "FM"]
[WhiteElo "2644"]
[BlackElo "2103"]
[WhiteFideId "2257327"]
[BlackFideId "22000100"]
[EventDate "2017.12.29"]

1. Nf3 c5 2. b3 d5 3. e3 Nc6 4. Bb5 Bg4 5. Bb2 a6 6. Bxc6+ bxc6 7. h3 Bxf3 8.
Qxf3 e6 9. O-O Nf6 10. d3 Be7 11. Rd1 O-O 12. c4 a5 13. Nc3 Qc7 14. Rac1 Nd7 15.
Na4 f5 16. cxd5 cxd5 17. d4 Rab8 18. dxc5 Bf6 19. c6 Ne5 20. Bxe5 Bxe5 21. Qe2
f4 22. exf4 Bxf4 23. Qxe6+ Kh8 24. Rc2 Rbd8 25. Nc3 Rd6 26. Qg4 Rg6 27. Nxd5 Qe5
28. Qe2 Qg5 29. Nxf4 Qxf4 30. c7 h6 31. c8=Q Rxc8 32. Rxc8+ Kh7 33. Rc3 1-0

[Event "Mondiale Lampo FIDE 2017"]
[Site "Riyadh"]
[Date "29.12.2017"]
[Round "2.58"]
[White "Alekseev, Evgeny"]
[Black "Al Habeeb, Emad"]
[Result "1-0"]
[WhiteTitle "GM"]
[WhiteElo "2616"]
[BlackElo "1933"]
[WhiteFideId "4138147"]
[BlackFideId "21500029"]
[EventDate "2017.12.29"]

1. e4 e5 2. Nf3 Nc6 3. Bb5 Nf6 4. d3 d6 5. c3 Be7 6. O-O O-O 7. Re1 Bg4 8. h3
Bd7 9. Ba4 h6 10. Nbd2 Nh7 11. Nf1 f5 12. exf5 Bxf5 13. Ng3 Be6 14. d4 Bd7 15.
dxe5 dxe5 16. Be3 Kh8 17. Bxc6 Bxc6 18. Nxe5 Qxd1 19. Ng6+ Kg8 20. Nxe7+ Kh8 21.
Raxd1 Be8 22. Bd4 Nf6 23. Ngf5 Bf7 24. Bxf6 gxf6 25. Nxh6 1-0

[Event "Mondiale Lampo FIDE 2017"]
[Site "Riyadh"]
[Date "29.12.2017"]
[Round "2.59"]
[White "Adhiban, Baskaran"]
[Black "Farhan, Marwan Ali"]
[Result "1-0"]
[WhiteTitle "GM"]
[WhiteElo "2655"]
[BlackElo "1975"]
[WhiteFideId "5018471"]
[BlackFideId "9401652"]
[EventDate "2017.12.29"]

1. e4 c5 2. Be2 e6 3. f4 Nc6 4. Nf3 Nf6 5. d3 Be7 6. O-O b6 7. Kh1 O-O 8. c3 Bb7
9. Qe1 d6 10. Be3 Ng4 11. Bg1 e5 12. f5 h6 13. Nbd2 Rc8 14. h3 Nf6 15. g4 Nh7
16. h4 f6 17. Bd1 Re8 18. Bb3+ Kh8 19. Be3 Na5 20. Be6 Rb8 21. c4 Nf8 22. Bf7
Nc6 23. Rg1 Nd7 24. g5 Rf8 25. Be6 Nd4 26. gxh6 gxh6 27. Rg6 Nxe6 28. Rxh6+ Kg8
29. fxe6 Re8 30. Qg1+ 1-0

[Event "Mondiale Lampo FIDE 2017"]
[Site "Riyadh"]
[Date "29.12.2017"]
[Round "2.60"]
[White "Bukannan, Ahmed A"]
[Black "Van Foreest, Jorden"]
[Result "0-1"]
[BlackTitle "GM"]
[WhiteElo "1929"]
[BlackElo "2629"]
[WhiteFideId "21504164"]
[BlackFideId "1039784"]
[EventDate "2017.12.29"]

1. Nf3 b6 2. g3 Bb7 3. Bg2 e5 4. d3 d6 5. O-O Nf6 6. c4 Be7 7. Nc3 O-O 8. Rb1
Qc8 9. Ne1 Bxg2 10. Nxg2 Nbd7 11. e4 Nc5 12. Ne3 Ne6 13. Ncd5 Nxd5 14. Nxd5 Bd8
15. Be3 c6 16. Nc3 a6 17. Kg2 b5 18. b3 Rb8 19. Ne2 Bb6 20. Qd2 Qd7 21. f4 d5
22. Bxb6 Rxb6 23. f5 Nc5 24. cxd5 cxd5 25. Rfc1 Qd6 26. Qe3 d4 27. Qd2 Rc6 28.
Rc2 Rfc8 29. Rbc1 Nd7 30. Rxc6 Rxc6 31. Rxc6 Qxc6 32. h3 f6 33. Qc1 Qc5 34. Qxc5
Nxc5 35. Nc1 Kf7 36. Kf2 a5 37. Ke2 g6 38. g4 gxf5 39. gxf5 Kg7 40. Kf3 Kh6 41.
Kg4 Na6 42. a3 Nc5 43. Kh4 a4 44. bxa4 bxa4 45. Kg4 Nb3 46. Ne2 Kg7 47. Kh5 Nd2
48. Kg4 Nb1 49. Nc1 Nxa3 50. Kf3 Nb5 51. Ke2 a3 52. Kd2 Kh6 53. Kc2 Kg5 54. Kb3
Kh4 55. Kc4 Nc3 56. Kc5 a2 57. Nxa2 Nxa2 58. Kd6 Nb4 59. Ke7 Nxd3 60. Kxf6 Nc5
61. Ke7 Nxe4 62. Ke6 d3 63. Kxe5 Ng5 64. f6 d2 65. Kd4 0-1